Developing Performance Parameters Suitable for Assessing Benefits of the Communication Model Implementation

Guardado en:
Detalles Bibliográficos
Autor principal: Dugas, Jaroslav, 1967-
Otros Autores: Mucha, Martin
Formato: Capítulo de libro
Lenguaje:inglés
Materias:
Etiquetas: Agregar Etiqueta
Sin Etiquetas, Sea el primero en etiquetar este registro!

MARC

LEADER 00000nla a2200000 4500
001 0240620
005 20240502073920.5
041 0 |a eng 
044 |a SK 
245 1 0 |a Developing Performance Parameters Suitable for Assessing Benefits of the Communication Model Implementation  |c Jaroslav Dugas, Martin Mucha 
500 |a Abstrakt 
610 2 0 |a modelovanie 
610 2 0 |a komunikácia 
610 2 0 |a parametre počítača 
610 2 0 |a softvér 
100 1 |a Dugas, Jaroslav, 1967- 
700 1 |a Mucha, Martin